Normal view
MARC view
- Muhammad Imran
Entry Personal Name
001 - CONTROL NUMBER
- control field: 3229
003 - CONTROL NUMBER IDENTIFIER
- control field: NUST
005 - DATE AND TIME OF LATEST TRANSACTION
- control field: 20170711133411.0
008 - FIXED-LENGTH DATA ELEMENTS
- fixed length control field: 170711|| aca||aabn | a|a d
040 ## - CATALOGING SOURCE
- Original cataloging agency: NUST
- Transcribing agency: NUST
100 ## - HEADING--PERSONAL NAME
- Personal name: Muhammad Imran
670 ## - SOURCE DATA FOUND
- Source citation: Work cat.: (NUST): Muhammad Imran, TH-PHD-Role of viral and host factors in treatment outcomes of interferon based therapy in chronic HCV Pakistani patients, 2013.
